000 00496pab a2200181 454500
008 180718b2007 xxu||||| |||| 00| 0 eng d
100 _aPant, Manoj
245 _aInsider ownership and firm value: evidence from Indian corporate sector
260 _c2007
300 _ap.1459-467.
362 _a21 Apr
650 _aFinancial markets - India
650 _aFinancial markets
700 _aPattanayak, Manoranjan
773 _aEconomic and Political Weekly
908 _aN
909 _a73934
999 _c73934
_d73934